[Event "I Torneo Cubano"]
[Site "http://www.queenalice.com/game.php?id=135500"]
[Date "2006.12.1"]
[Round "1"]
[White "eduarmi"]
[Black "rickma00"]
[Result "0-1"]
[WhiteElo "1783"]
[BlackElo "1916"]

1. e4 c5 2. Bc4 e6 3. b3 d5 4. exd5 exd5 5. Bd3 Nf6 6. Bb2 Bd6 7. Nf3 O-O 8. O-O
Bg4 9. Be2 Nc6 10. Nc3 Re8 11. Bd3 Nd4 12. Be2 Nxe2+ 13. Nxe2 Bxf3 14. gxf3 Nh5
15. Ng3 Qh4 16. Kg2 Nf4+ 17. Kh1 Qh3 18. Rg1 Be5 19. d4 cxd4 20. Bxd4 Re6 21.
Bxe5 Rxe5 22. Qd4 Rh5 23. Nxh5 Qxf3+ 0-1

[Event "Challenge"]
[Site "http://www.queenalice.com/game.php?id=141762"]
[Date "2006.12.14"]
[Round "-"]
[White "DenisDiaz"]
[Black "eduarmi"]
[Result "0-1"]
[WhiteElo "1734"]
[BlackElo "1728"]

1. e4 c5 2. Nf3 Nc6 3. Bc4 e6 4. a3 Nge7 5. d3 a6 6. Be3 d5 7. exd5 exd5 8. Ba2
Nf5 9. Bd2 Qe7+ 10. Qe2 Be6 11. Ng5 Ncd4 12. Qd1 Qf6 13. O-O Bd6 14. Nxe6 fxe6
15. Re1 O-O 16. c3 Nc6 17. Rf1 Rae8 18. Qg4 Ne5 19. Qg5 Qxg5 20. Bxg5 Nxd3 21.
Bc1 c4 22. Nd2 Bc5 23. Nf3 e5 24. Ne1 Nxe1 25. Rxe1 e4 26. g3 h5 27. h4 Nxg3 28.
Be3 Bxe3 29. fxe3 Nf5 30. Re2 Nxh4 31. b3 Nf3+ 32. Kh1 b5 33. a4 Kh7 34. axb5
axb5 35. bxc4 bxc4 36. Rd1 Rf5 37. Bb1 Kh6 38. Bc2 Ra8 39. Rb1 Rg5 40. Rg2 Ra3
41. Rxg5 Kxg5 42. Rd1 Ra5 43. Rb1 Kf5 44. Bd1 Kg4 0-1

[Event "Challenge"]
[Site "http://www.queenalice.com/game.php?id=147599"]
[Date "2006.12.29"]
[Round "-"]
[White "velkan_cu"]
[Black "eduarmi"]
[Result "1/2-1/2"]
[WhiteElo "1778"]
[BlackElo "1726"]

1. e4 c5 2. Bc4 Nc6 3. Qf3 Ne5 4. Qb3 Nxc4 5. Qxc4 e6 6. Nf3 d5 7. exd5 exd5 8.
Qa4+ Bd7 9. Qb3 Bc6 10. O-O Bd6 11. Re1+ Ne7 12. d4 c4 13. Qc3 O-O 14. b3 a5 15.
Ba3 Bxa3 16. Nxa3 b5 17. Qe3 Ra7 18. bxc4 dxc4 19. Nxc4 bxc4 20. d5 Rc7 21. dxc6
Nxc6 22. Rad1 Qa8 23. Ne5 Re7 24. f4 Nxe5 25. fxe5 f6 26. Qc5 Qa7 27. Qxa7 Rxa7
28. Re4 fxe5 29. Rxe5 Rc8 30. Rdd5 1/2-1/2

[Event "Mundialito"]
[Site "http://www.queenalice.com/game.php?id=174509"]
[Date "2007.2.27"]
[Round "1"]
[White "eduarmi"]
[Black "maykel"]
[Result "0-1"]
[WhiteElo "1710"]
[BlackElo "1995"]

1. e4 e6 2. Nc3 c5 3. Nf3 Nc6 4. b3 a6 5. Bb2 d6 6. d4 cxd4 7. Nxd4 Nxd4 8. Qxd4
Ne7 9. Na4 b5 10. Nb6 Rb8 11. Nxc8 Rxc8 12. Rc1 Qa5+ 13. b4 Qxa2 14. Ra1 e5 15.
Rxa2 exd4 16. Bd3 Nc6 17. Rxa6 Nxb4 18. Bxb5+ Kd8 19. Ra7 Nc6 20. Rxf7 Ne5 21.
Ra7 Rxc2 22. Ra8+ Ke7 23. Re8+ Kf7 24. O-O Rxb2 25. Rb8 Kf6 26. f4 Nd7 27. e5+
dxe5 28. fxe5+ Ke7 29. Rb7 Rxb5 30. Rxb5 Ke6 31. Ra1 Nxe5 32. Ra6+ Bd6 33. Kf1
Rf8+ 34. Ke2 d3+ 35. Ke3 Rf1 36. g3 Re1+ 37. Kd2 Re2+ 38. Kd1 Nc4 39. Rc6 Ne3+
0-1

[Event "Challenge"]
[Site "http://www.queenalice.com/game.php?id=176252"]
[Date "2007.3.2"]
[Round "-"]
[White "DenisDiaz"]
[Black "eduarmi"]
[Result "1-0"]
[WhiteElo "1795"]
[BlackElo "1744"]

1. e4 c5 2. Nf3 d6 3. d4 cxd4 4. Nxd4 e5 5. Nf3 Nf6 6. Nc3 Qb6 7. Nd5 Nxd5 8.
Qxd5 Be7 9. Qb5+ Qxb5 10. Bxb5+ Bd7 11. Bxd7+ Nxd7 12. O-O Nf6 13. Re1 O-O 14.
b3 Bd8 15. Bb2 Bb6 16. h3 Rae8 17. c4 Nh5 18. Bc1 f5 19. exf5 Rxf5 20. Be3 Bxe3
21. Rxe3 Nf4 22. Kh2 Rh5 23. Rd1 Re6 24. Ng1 Rg6 25. g3 Ne6 26. Rxd6 Rf6 27. Kg2
1-0

[Event "I Torneo Cubano"]
[Site "http://www.queenalice.com/game.php?id=185983"]
[Date "2007.3.22"]
[Round "2"]
[White "piemme"]
[Black "eduarmi"]
[Result "1-0"]
[WhiteElo "1588"]
[BlackElo "1705"]

1. e4 c5 2. f3 e5 3. Bc4 Nc6 4. d3 Nf6 5. Ne2 d5 6. exd5 Nd4 7. Bg5 Bd6 8. O-O
O-O 9. c3 Nxe2+ 10. Qxe2 Bd7 11. Nd2 b5 12. Ne4 Qb6 13. Bxf6 bxc4 14. dxc4 g6
15. Nxd6 Qxd6 16. Qxe5 Qxe5 17. Bxe5 f6 18. Bd6 Rfc8 19. Rfe1 Be8 20. Re7 Bf7
21. Rb7 Rd8 22. Bxc5 a5 23. b3 a4 24. b4 Rac8 25. Be7 Re8 26. d6 Rxe7 27. Rxe7
Rd8 28. c5 Kf8 29. Rd1 1-0

[Event "Mundialito"]
[Site "http://www.queenalice.com/game.php?id=204725"]
[Date "2007.5.1"]
[Round "2"]
[White "esterminio1"]
[Black "eduarmi"]
[Result "1-0"]
[WhiteElo "2062"]
[BlackElo "1684"]

1. d4 d6 2. e4 Nc6 3. c4 e5 4. d5 Nd4 5. Ne2 Bg4 6. Nbc3 Be7 7. Be3 Nf6 8. f3
Nxf3+ 9. gxf3 Bxf3 10. Rg1 Nxe4 11. Nxe4 Bxe4 12. Ng3 Bh4 13. Bf2 Bg6 14. Bd3 e4
15. Nxe4 Bxe4 16. Bxe4 Bxf2+ 17. Kxf2 Qh4+ 18. Rg3 Qxe4 19. Re3 Qxe3+ 20. Kxe3
O-O 21. Kf2 Rae8 22. Qb3 b6 23. Re1 Rxe1 24. Kxe1 Re8+ 25. Kf2 Re5 26. Qa4 f5
27. Qxa7 Re7 28. a4 g5 29. b4 Kf7 30. a5 bxa5 31. bxa5 Ke8 32. a6 c6 33. Qxe7+
1-0